Quite A Few Acronyms - Statistics

General Stats
  • This quiz has been taken 504 times
    495 since last reset
  • The average score is 148 of 315
Answer Stats
Answer % Correct
OSUT | PSU Unit
98%
POTUS | UAE | UN | +6 others United
98%
WHO | WIPO World
97%
WHO Health
95%
NATO | OPEC | UNESCO | +3 others Organization
95%
ISIL State
95%
CSA | POTUS | USAF | +2 others States
93%
NASCAR | NCAA | NPS National
91%
HOI4 | POTUS Of
91%
DPRK Republic
90%
UN | UNESCO | UNHCR | UNV Nations
89%
AU | EU | USSR Union
89%
USSR of Soviet
88%
AAA | AARP | FIFA | +4 others Association
87%
SSN Social
86%
HR Human
85%
CIPM | IBM | ICC International
85%
NAFTA | NATO North
85%
PIN | SSN Number
85%
PIN Personal
84%
POTUS | TLC The
84%
CIA | EPA Agency
83%
FIFA de Football
82%
CSA of America
82%
HR Resources
82%
NATO Atlantic
81%
CIA Central
81%
DPRK Democratic
81%
PIN Identification
81%
NASCAR Car
79%
HBO Office
79%
POTUS President
79%
CIA Intelligence
78%
SSN Security
78%
DPRK People's
77%
DPRK of Korea
76%
NATO | WTO Treaty
76%
AAA | AARP | NAFTA American
75%
UAE Arab
75%
UAE Emirates
74%
EU European
74%
USAF Force
73%
USAF Air
72%
CEO Chief
72%
ISIL Islamic
72%
CEO | ROTC Officer
72%
SAT Test
72%
CEO Executive
71%
IRA Irish
71%
NASCAR Racing
70%
IRA Army
69%
HMS | RMS | USS Ship
69%
NASCAR Auto
68%
RCMP | RMS Royal
68%
USSR Socialist
68%
DUI Under
68%
HMS Her
65%
DUI the Influence
65%
AWOL With
65%
DUI Driving
64%
AWOL Out
64%
AWOL Leave
63%
IRA Republican
63%
NPS Service
63%
FIE | FIFA Fédération
62%
OPEC of the Petroleum
62%
USSR Republics
62%
RCMP Police
61%
HOI4 4
60%
PEMDAS Addition
60%
OPEC Countries
60%
B&OR And
59%
PEMDAS Division
59%
HMS Majesty's
59%
GOP Party
59%
PEMDAS Subtraction
59%
WMD Weapon
59%
AWOL Absent
58%
PEMDAS Multiplication
58%
WMD of Mass
58%
NAFTA Trade
58%
WMD Destruction
57%
EPA Protection
57%
HBO Home
55%
PGA Professional
55%
BAFTA British
54%
EPA Environmental
54%
TLC Channel
53%
PGA Golfers'
53%
GOP Grand
53%
ELO Electric
52%
ACL Ligament
52%
ELO Light
52%
BAFTA of Film
52%
GOP Old
51%
RGB Red
51%
HBO Box
50%
CCR Clearwater
50%
FAFSA | NAFTA Free
50%
RGB Green
50%
CCR Revival
50%
AAA Automobile
49%
RGB Blue
49%
CCR Creedence
49%
ELO Orchestra
49%
RCMP Canadian
47%
OPEC Exporting
47%
CSA Confederate
46%
BAFTA and Television
44%
RCMP Mounted
44%
AP Advanced
43%
HTTP Hyper
43%
FIE | FIFA Internationale
41%
VT Tech
41%
AFCAC | AU African
40%
ICC Court
40%
PEMDAS Parenthesis
40%
HTTP Text
40%
CPA Accountant
39%
NAFTA Agreement
39%
CPA Certified
39%
FAFSA for Federal
39%
MLA Language
39%
CPR Resuscitation
39%
SAT Aptitude
38%
CPR Cardio
38%
AP Placement
38%
HTTP Protocol
38%
CPA Public
38%
VT Virginia
38%
ABBA Bjorn
37%
ICC Criminal
37%
BAFTA Academy
36%
NCAA Athletic
36%
IBM Business
36%
PEMDAS Exponents
36%
ISIL of Iraq
36%
HALO | HE | UNHCR High
35%
TLC Learning
35%
OSUT | ROTC Training
34%
ACL Anterior
33%
NCAA Collegiate
33%
B&OR Railroad
33%
APEC Economic
31%
HRE Empire
31%
IBM Machines
31%
ISIL and the Levant
30%
NASCAR for Stock
30%
HRE Holy
30%
HRE Roman
30%
USGS Geological
29%
USGS Survey
29%
ROTC Corps
28%
HUAC House
28%
APR Rate
28%
BAFTA Arts
27%
ACL Cruciate
27%
AARP of Retired
27%
FAFSA Student
27%
HUAC Committee
26%
MLA Modern
26%
AARP Persons
26%
ROV Vehicle
26%
AFCAC Commission
25%
JPL Jet
25%
APR Percentage
25%
HTTP Transfer
25%
HALO Altitude
24%
UNESCO and Cultural
24%
APR Annual
24%
APEC Asia
24%
ABBA Benny
24%
HOI4 Iron
24%
PSU Power
24%
SAT Scholastic
24%
ABBA Agnetha
23%
FAFSA Aid
23%
HOI4 Hearts
23%
NPS Parks
23%
GCC | NC Council
22%
JPL Propulsion
22%
JPL Laboratory
21%
APEC Pacific
20%
ROTC Reserve
20%
BMW Werke
19%
FAFSA Application
16%
AFCAC Aviation
16%
B&OR Baltimore
16%
DPO Department
16%
HALO Low
16%
B&OR Ohio
16%
BMW Bayerische
15%
UNESCO Educational
15%
FMJ Full
15%
FMJ Jacket
15%
FMJ Metal
15%
HUAC Un-American
15%
HUAC Activities
14%
BMW Motoren
14%
UNHCR for Refugees
13%
RMS Mail
13%
UNESCO Scientific
13%
PSU Supply
13%
WTO Warsaw
13%
APEC | GCC Co-Operation
12%
ABBA Annifrid
11%
AFCAC Civil
11%
HALO Opening
11%
UNHCR Commissioner
10%
ROV Operated
10%
CCP Point
10%
PPC Production
10%
ROV Remotely
10%
HE Explosive
9%
GCC Gulf
9%
CNT-FAI Nacional
9%
DPO Operations
8%
WIPO Property
8%
HEMTT Heavy
7%
WIPO Intellectual
7%
DPO of Peace
7%
OSUT One
7%
TANAKH Torah
7%
CNT-FAI Federación
6%
CPR Pulminary
6%
HEMTT Tactical
6%
WP White
6%
GT and Talented
5%
CNT-FAI Confederación
5%
CNT-FAI del Trabajo
5%
GT Gifted
5%
OSUT Station
5%
CNT-FAI Anarquista
4%
PPC Curve
4%
KGB Komitet
4%
TANAKH Nevi'im
4%
NC Nordic
4%
WP Phosphorus
4%
WIPP Project
4%
HEMTT Truck
4%
UNV Volunteers
4%
KGB Bezopasnosti
3%
CCP Collection
3%
CIPM Comité
3%
FIE d'Escrime
3%
CNT-FAI Ibérica
3%
WIPP Isolation
3%
TANAKH Ketuvim
3%
HEMTT Mobility
3%
WIPP Pilot
3%
PPC Possibilities
3%
WIPP Waste
3%
YKK Yoshida
3%
CCP Casualty
2%
CIPM des Poids
2%
CIPM et Mesures
2%
KGB Gosudarstvennoy
2%
YKK Kabushikikaisha
2%
YKK Kogyo
2%
HEMTT Extended
1%
No matching quizzes found
Score Distribution
Percent of People with Each Score
Percentile by Number Answered
Your Score History
You have not taken this quiz since the last reset